<?xml version="1.0" encoding="UTF-8"?>
<record
    xmlns:xsi="http://www.w3.org/2001/XMLSchema-instance"
    xsi:schemaLocation="http://www.loc.gov/MARC21/slim http://www.loc.gov/standards/marcxml/schema/MARC21slim.xsd"
    xmlns="http://www.loc.gov/MARC21/slim">

  <leader>02199nam a2200349 i 4500</leader>
  <controlfield tag="001">000040938</controlfield>
  <controlfield tag="003">DO-SdBNP</controlfield>
  <controlfield tag="005">20231030113839.0</controlfield>
  <controlfield tag="007">ta</controlfield>
  <controlfield tag="008">130911s2012    pr c          000 0 spa d</controlfield>
  <datafield tag="020" ind1=" " ind2=" ">
    <subfield code="a">9780865816213</subfield>
  </datafield>
  <datafield tag="040" ind1=" " ind2=" ">
    <subfield code="a">DO-SdBNP</subfield>
    <subfield code="b">spa</subfield>
    <subfield code="c">BNPHU</subfield>
    <subfield code="e">rda</subfield>
  </datafield>
  <datafield tag="082" ind1=" " ind2="4">
    <subfield code="a">759.97295</subfield>
    <subfield code="2">P659p</subfield>
    <subfield code="b">22</subfield>
  </datafield>
  <datafield tag="245" ind1="0" ind2="0">
    <subfield code="a">Pintura puertorrique&#xF1;a.</subfield>
  </datafield>
  <datafield tag="264" ind1=" " ind2=" ">
    <subfield code="a">Puerto Rico :</subfield>
    <subfield code="b">ICP,</subfield>
    <subfield code="c">2012.</subfield>
  </datafield>
  <datafield tag="300" ind1=" " ind2=" ">
    <subfield code="a">485 p&#xE1;ginas :</subfield>
    <subfield code="b">ilustraciones  retratos ;</subfield>
    <subfield code="c">27 cm.</subfield>
  </datafield>
  <datafield tag="336" ind1=" " ind2=" ">
    <subfield code="2">rdacontent </subfield>
    <subfield code="a">texto</subfield>
    <subfield code="b">txt</subfield>
  </datafield>
  <datafield tag="337" ind1=" " ind2=" ">
    <subfield code="2">rdamedia</subfield>
    <subfield code="a">sin mediaci&#xF3;n </subfield>
    <subfield code="b">n</subfield>
  </datafield>
  <datafield tag="338" ind1=" " ind2=" ">
    <subfield code="2">rdacarrier </subfield>
    <subfield code="a">volumen</subfield>
    <subfield code="b">nc</subfield>
  </datafield>
  <datafield tag="490" ind1="0" ind2=" ">
    <subfield code="a">Pinturas del instituto de cultura puertorrique&#xF1;a</subfield>
  </datafield>
  <datafield tag="500" ind1=" " ind2=" ">
    <subfield code="a">A la cabeza del titulo : Colecci&#xF3;n de pinturas del Instituto de Cultura Puertorrique&#xF1;a
</subfield>
  </datafield>
  <datafield tag="500" ind1=" " ind2=" ">
    <subfield code="a">Incluye &#xED;ndice</subfield>
  </datafield>
  <datafield tag="504" ind1=" " ind2=" ">
    <subfield code="a">Bibliograf&#xED;a: p. 454-472</subfield>
  </datafield>
  <datafield tag="505" ind1=" " ind2=" ">
    <subfield code="a"> Dedicatoria = Dedicatory -- Mensaje = Message / Instituto de Cultura Puertorrique&#xF1;a -- Ensayos = Essays -- La obra de Jos&#xE9; Campeche en las Colecciones del Instituto de Cultura Puertorrique&#xF1;a = The Work of Jos&#xE9; Campeche in the Collection of the Institute of Puerto Rican Culture / Dr. Arturo D&#xE1;vila -- Francisco Oller y Cestero y el arte pict&#xF3;rico en su &#xE9;poca = Francisco Oller y Cestero and the Pictorial Art of His Time / Dr. Osiris Delgado -- La Colecci&#xF3;n de pinturas del ICP: Un siglo de trayectoria art&#xED;stica, 1905-2004 = The Collection of Paintings of the ICP: A Century of Artistic Trajectory, 1905-2004 / Dra. Maria del Pilar Gonz&#xE1;lez Lamela -- De lo moderno a lo contempor&#xE1;neo: la Colecciones de Arte del Instituto de Cultura Puertorrique&#xF1;a = From Modern to Contemporary: The Collection of the Institute of Puerto Rican Culture / Dra. Maria Elba Torres Mu&#xF1;oz -- Colecci&#xF3;n = Collection -- Biograf&#xED;as = Biographies -- &#xCD;ndice = Index.</subfield>
  </datafield>
  <datafield tag="546" ind1=" " ind2=" ">
    <subfield code="a">Texto introductorio en espa&#xF1;ol e ingl&#xE9;s; entradas de cat&#xE1;logo en espa&#xF1;ol &#xFA;nicamente.</subfield>
  </datafield>
  <datafield tag="590" ind1=" " ind2=" ">
    <subfield code="a">Inventariado, 2023/MFF</subfield>
  </datafield>
  <datafield tag="650" ind1=" " ind2="4">
    <subfield code="a">Pintura puertorrique&#xF1;a</subfield>
    <subfield code="9">84541</subfield>
  </datafield>
  <datafield tag="710" ind1="2" ind2=" ">
    <subfield code="a">Instituto de cultura puertorrique&#xF1;a</subfield>
    <subfield code="9">4083</subfield>
  </datafield>
  <datafield tag="830" ind1=" " ind2="0">
    <subfield code="a">Pinturas del instituto de cultura puertorrique&#xF1;a</subfield>
    <subfield code="9">67366</subfield>
  </datafield>
  <datafield tag="910" ind1=" " ind2=" ">
    <subfield code="a">Validado. Control de calidad MFF</subfield>
  </datafield>
  <datafield tag="942" ind1=" " ind2=" ">
    <subfield code="2">ddc</subfield>
    <subfield code="c">LBS1</subfield>
  </datafield>
  <datafield tag="952" ind1=" " ind2=" ">
    <subfield code="0">0</subfield>
    <subfield code="1">0</subfield>
    <subfield code="2">ddc</subfield>
    <subfield code="5">6</subfield>
    <subfield code="7">0</subfield>
    <subfield code="8">GR</subfield>
    <subfield code="a">BNPHU</subfield>
    <subfield code="b">BNPHU</subfield>
    <subfield code="c">HD</subfield>
    <subfield code="d">2013-09-11</subfield>
    <subfield code="i">LF1</subfield>
    <subfield code="l">0</subfield>
    <subfield code="o">BNPHU GR 759.7295 P659p</subfield>
    <subfield code="p">40938-10</subfield>
    <subfield code="r">2020-06-25</subfield>
    <subfield code="w">2020-06-25</subfield>
    <subfield code="y">LBS1</subfield>
    <subfield code="Z">No se presta</subfield>
  </datafield>
  <datafield tag="999" ind1=" " ind2=" ">
    <subfield code="c">40428</subfield>
    <subfield code="d">40428</subfield>
  </datafield>
</record>
